000 00866nas a2200289 i 4500
001 170713
003 ES-MaACL
005 20250709054518.0
007 t|
008 090331s18941942fr a|0 e | ||re d
022 _a1256-2726
080 _a(44)
080 _a059
245 0 0 _aAlmanach Hachette
_b: petite encyclopédie populaire de la vie pratique.
250 _aÉd. complète.
260 _aParis :
_bHachette.
300 _a32, 440, 64 p. :
_bil., mapas ;
_c20 cm.
310 _aAnual
362 1 _aComenzó con: 1894 ; cesó con: 1942.
490 1 _aAlmanach Hachette ;
_v46e année
655 0 _aAlmanaques
_9241262
830 0 _aAlmanach Hachette ;
_v46e année
_9223068
852 4 _aES-MaACL
_jE-12529
_z. - Biblioteca Jacinto Martínez Lacalle
866 0 _o1939.
942 _2udc
_cPERIODICA
_n0
999 _c170713
_d170713